| 000 | 00501nam a2200169Ia 4500 | ||
|---|---|---|---|
| 008 | 240729s9999 xx 000 0 und d | ||
| 022 | _a1751-3766 | ||
| 245 | 0 | _aJournal of Biological Dynamics | |
| 260 | _aUnited Kingdom | ||
| 260 | _bTaylor & Francis Group | ||
| 650 | _a Biology (General) | ||
| 650 | _a Environmental sciences | Science | ||
| 650 | _aGeography. Anthropology. Recreation | ||
| 856 | _uhttps://doaj.org/toc/29530b275b2b40ebb7f3d77887f27860 | ||
| 942 | _2ddc | ||
| 942 | _cDOAJEJ | ||
| 999 |
_c69151 _d69151 |
||
| 945 |
_a1 _bMadushi Gamage _c1 _dMadushi Gamage |
||